Statistics for How Many Times Can You Type OMAN in 15 Seconds?-Country Keystrokes

Click here to take the quiz!

General Stats

  • This quiz has been taken 227 times
  • The average score is 48 of 60

Answer Stats

Letter% Correct
O
100%
M
99%
A
98%
M
97%
N
97%
O
97%
A
96%
M
96%
N
96%
O
96%
A
95%
M
95%
N
95%
O
95%
A
94%
N
93%
A
89%
M
89%
O
89%
A
87%
M
87%
N
87%
N
87%
O
87%
A
85%
M
85%
O
85%
M
84%
N
84%
O
84%
A
83%
N
82%
A
81%
M
81%
O
81%
N
78%
O
78%
M
77%
A
76%
N
76%
O
76%
A
75%
M
75%
N
75%
O
73%
A
72%
M
72%
N
71%
O
67%
A
66%
M
66%
N
65%
O
63%
M
59%
A
56%
N
56%
O
55%
M
53%
A
51%
N
49%

Score Distribution

Percentile by Number Answered

Percent of People with Each Score

Your Score History

You have not taken this quiz